|
|
|
|
| LEADER |
01083nam a2200361 4500 |
| 001 |
DLU090095812 |
| 005 |
##20091201 |
| 040 |
# |
# |
|a DLU
|b eng
|
| 041 |
# |
# |
|a eng
|
| 044 |
# |
# |
|a uk
|
| 245 |
# |
# |
|a Shrimp abundance and habitat relationships in tropical rain-forest streams, Sarawak, Borneo /
|c Tomoya Iwata ... [et al.].
|
| 653 |
# |
# |
|a Borneo
|
| 653 |
# |
# |
|a Freshwater shrimps
|
| 653 |
# |
# |
|a Habitat-abundance relationship
|
| 653 |
# |
# |
|a Microhabitat use
|
| 653 |
# |
# |
|a Riparian deforestation
|
| 653 |
# |
# |
|a Tropical stream
|
| 700 |
# |
# |
|a Covich, Alan P.
|
| 700 |
# |
# |
|a Doi, Atsushi.
|
| 700 |
# |
# |
|a Inoue, Mikio.
|
| 700 |
# |
# |
|a Iwata, Tomoya.
|
| 700 |
# |
# |
|a Miyasaka, Hitoshi.
|
| 700 |
# |
# |
|a Nakano, Shigeru.
|
| 773 |
# |
# |
|t Journal of Tropical Ecology
|g Vol. 19, part 4 (July 2003), p. 387-395
|
| 920 |
# |
# |
|a Phòng Tạp chí -- Trung tâm Thông tin - Thư viện Trường Đại học Đà Lạt
|
| 994 |
# |
# |
|a DLU
|
| 900 |
# |
# |
|a True
|
| 911 |
# |
# |
|a Trương Bảo Trâm Anh
|
| 925 |
# |
# |
|a G
|
| 926 |
# |
# |
|a A
|
| 927 |
# |
# |
|a BB
|
| 980 |
# |
# |
|a Thư viện Trường Đại học Đà Lạt
|